00896pam a2200253 a 4500001000500000005001700005020001700022040002300039050002300062082001200085100003200097245007000129260003600199300004100235505000800276520019200284521002000476521002000496650002600516650002500542650002500567650002200592700002800614107220230831100941.0 a078073003501 aDLCcDLCdDLCbeng00aPZ7.D2394bFo 199600aFic2201 aDanziger, Paulad1944-2004.10aForever Amber Brown /cPaula Danziger ; illustrated by Tony Ross. aNew York :bScholastic, c1996. a101 pages :billustrations ;c20 cm. aQ  aAmber's life has changed dramatically: her parents are divorced, her father lives in France, her best friend has moved to another state, and now her mother must decide whether to remarry. a660 bLexile  aQ bRaz-Plus  1aFamily lifexFiction. 1aRemarriagexFiction. 1aFriendshipxFiction. 1aSchoolsxFiction.1 aRoss, Tonyeillustrator